1734 1199 1188 1705 1059 1201 1983 1523 1810 1361 1485 1440 1930 1605 1315 1590 1212 1938 1843 1296 1520 1055 1035 1015 1605 1185 1197 1011 1958 1721 1314 1321 1099 1927 1901 1844 1720 1922 1479 1602 1315 1173 1412 1639 1801 1642 1670 1641 1222 1712 1791 1542 1455 1266 1402 1018 1655 1229 1376 1437 1228 1292 1042 1667 1502 1386 1934 1803 1392 1323 1938 1511 1533 1659 1608 1086 1175 1734 1313 1481 1780 1107 1796 1102 1980 1982 1768 1509 1231 1209 1264 1676 1675 1656 1811 1803 1005 1303 1821 BCNSPRNW ULIB Ver.6.0+V

เปลี่ยนเป็นภาษาไทย

Change to English
 แสดงรายละเอียดบรรณานุกรม
  กลับหน้าหลัก

Brief Record : Get Marc (ISO 2709) : E-mail record : QR code < ปิดหน้าต่าง
LEADER : 00000nam 2200000uu 4500
001    13399124530
003     ULIB
008    020711s2550 th a 000 0 tha d
099    วจ.WY18^bป142ผ
100    ปฐมพร โพธิ์ถาวร
245    ผลการจัดการเรียนการสอนวิชาการพยาบาลสูติศาสตร์ด้วยรูปแบบการเรียนรู้แบบมีส่วนร่วม/^cปฐมพร โพธิ์ถาวร,ศรีสุดา สว่างสาลี
260    สงขลา :^bวิทยาลัยพยาบาลบรมราชชนนี สงขลา,^c2550
300    51 หน้า
650    การจัดการเรียนการสอน
700    ศรีสุดา สว่างสาลี
945    ^p0^l0^i020725
รายการนี้ยังไม่มีแท็ก
คุณยังไม่ได้ล็อกอิน คุณสามารถมีกิจกรรมร่วมกับเว็บไซต์ได้ แต่ต้องล็อกอินก่อน ::
  ล็อกอิน

รายการสื่อสารสนเทศ

ลำดับที่ ประเภท เลขเรียก/บาร์โค้ด สถานที่ สถานะ
1. งานวิจัย
งานวิจัย
วจ.WY18 ป142ผ ฉ.1 
  Barcode: 020725
ห้องสมุดวิทยาเขตสวรรค์ประชารักษ์
►วิจัย
บนชั้น

รายการใกล้เคียง
    ผู้แต่ง [ปฐมพร โพธิ์ถาวร]

    หัวเรื่อง [การจัดการเรียนการสอน]

BibComment


ยังไม่เคยถูกคอมเมนท์

คอมเมนท์ทรัพยากรรายการนี้
  คอมเมนท์: ผลการจัดการเรียนก..


 Copyright 2026. Bcnsprnw @Library